000 00691nam a2200241Ia 4500
001 959
003 GE_BSU
008 181216s||||||||xx |||||||||||||| ||und||
020 _a980322795
040 _cGE_BSU
080 _a94(470)(075.8)
100 _aОрлов, А.С. и др.
245 _aИстория Росии.
245 _bВ качестве учебника для вузов. Учебник. Издю 2-Е, перераб. и. доп.
250 _aИзд. 2-е, перераб. и. доп.
260 _aМосква
260 _bПроспект
260 _c2004
300 _a520 с.
541 _h18 л.
653 _aИстория Росии.
942 _cBK
999 _c35118
_d35118